00519 2200205 4500001002100000005001500021035002000036007000300056008004100059020001800100082001000118084001700128100001700145245004300162260003600205300002800241650001800269504001600287990001000303INLIS00000000000217620250308094431 a0010-0325000209ta250308 g 1 ind  a979-407-356-3 aF/813 aF/813 DJU s0 aDjumri Obeng1 aSuku Dayak''' :bFiksi /cDjumri Obeng aJakarta :bBalai Pustaka,c1995 a38 hlm :bilus ;c21 Cm 4aSuku Dayak''' aBibliografi a03924